Statistics for Every US State’s Favorite Candy

Click here to take the quiz!

General Stats

  • This quiz has been taken 52 times
  • The average score is 16 of 50

Answer Stats

HintAnswer% Correct
IndianaM&M
83%
KansasM&M
83%
South DakotaSnickers
76%
AlabamaSkittles
74%
ArkansasSkittles
74%
GeorgiaSkittles
74%
MichiganKit Kat
70%
MarylandKit Kat
70%
ConnecticutKit Kat
70%
New YorkReese's
59%
OhioReese's
59%
OklahomaReese's
59%
VirginiaReese’s
59%
New HampshireMilky Way
54%
North CarolinaTwix
46%
UtahTwix
46%
MassachusettsTwix
46%
WisconsinTwix
46%
MinnesotaTwix
46%
AlaskaSour Patch Kids
33%
South CarolinaSour Patch Kids
33%
New JerseySour Patch Kids
33%
WashingtonNerds
30%
NevadaNerds
30%
MontanaBaby Ruth
24%
VermontThree Musketeers
24%
HawaiiCrunch
17%
LouisianaStarbursts
17%
ArizonaHershey Kisses
15%
West VirginiaCandy Corn
13%
CaliforniaJolly Ranchers
13%
TexasJolly Ranchers
13%
FloridaJolly Ranchers
13%
DelawareSmarties
13%
WyomingSwedish Fish
13%
MississippiDum Dums
9%
MaineDum Dums
9%
IdahoDum Dums
9%
ColoradoLicorice
9%
IllinoisAirheads
7%
TennesseeRunts
7%
NebraskaTootsie Pop
7%
Missouri100 Grand Bar
4%
Oregon100 Grand Bar
4%
Kentucky100 Grand Bar
4%
North DakotaWhoppers
4%
PennsylvaniaGood and Plenty
2%
IowaTootsie Pops
2%
Rhode IslandHealth Bar
0%
New MexicoKit Kats
0%

Score Distribution

Percentile by Number Answered

Percent of People with Each Score

Your Score History

You have not taken this quiz